<?xml version="1.0" encoding="UTF-8"?>
<record
    xmlns:xsi="http://www.w3.org/2001/XMLSchema-instance"
    xsi:schemaLocation="http://www.loc.gov/MARC21/slim http://www.loc.gov/standards/marcxml/schema/MARC21slim.xsd"
    xmlns="http://www.loc.gov/MARC21/slim">

  <leader>00855nam a22002297a 4500</leader>
  <controlfield tag="003">3228</controlfield>
  <controlfield tag="005">20250917155258.0</controlfield>
  <controlfield tag="008">eng </controlfield>
  <datafield tag="020" ind1=" " ind2=" ">
    <subfield code="a">9781780659503</subfield>
    <subfield code="q">hbk</subfield>
  </datafield>
  <datafield tag="040" ind1=" " ind2=" ">
    <subfield code="a">RDA</subfield>
    <subfield code="c">3228</subfield>
  </datafield>
  <datafield tag="041" ind1=" " ind2=" ">
    <subfield code="2">E</subfield>
  </datafield>
  <datafield tag="082" ind1=" " ind2=" ">
    <subfield code="a">EJK PAGE</subfield>
  </datafield>
  <datafield tag="100" ind1=" " ind2=" ">
    <subfield code="a">Page, Nick </subfield>
  </datafield>
  <datafield tag="245" ind1=" " ind2=" ">
    <subfield code="a">Jack and the Beanstalk/</subfield>
    <subfield code="c">written by Nick Page ; illustrations by Clare Fennell.</subfield>
  </datafield>
  <datafield tag="260" ind1=" " ind2=" ">
    <subfield code="a">Hertfordahire:</subfield>
    <subfield code="b">Make believe ideas;</subfield>
    <subfield code="c">2013.</subfield>
  </datafield>
  <datafield tag="300" ind1=" " ind2=" ">
    <subfield code="a">[unnumbered]</subfield>
    <subfield code="b">colour illustrations.</subfield>
  </datafield>
  <datafield tag="500" ind1=" " ind2=" ">
    <subfield code="a">This item has been produced using the Unified English Braille Code (UEB).

Feelix kit.

UEB contracted braille.

UEB uncontracted braille.

Echnida level 3.

This kit can only be borrowed by members of the Feelix library.</subfield>
  </datafield>
  <datafield tag="521" ind1=" " ind2=" ">
    <subfield code="a">Children.</subfield>
  </datafield>
  <datafield tag="700" ind1=" " ind2=" ">
    <subfield code="9">193858</subfield>
    <subfield code="a">Fennell, Clare </subfield>
  </datafield>
  <datafield tag="942" ind1=" " ind2=" ">
    <subfield code="w">6786</subfield>
    <subfield code="x">Chimezie Obi</subfield>
    <subfield code="y">923</subfield>
    <subfield code="z">Itumeleng Itswene</subfield>
  </datafield>
  <datafield tag="942" ind1=" " ind2=" ">
    <subfield code="2">ddc</subfield>
    <subfield code="c">BOOK</subfield>
  </datafield>
  <datafield tag="999" ind1=" " ind2=" ">
    <subfield code="c">773502</subfield>
    <subfield code="d">773501</subfield>
  </datafield>
  <datafield tag="952" ind1=" " ind2=" ">
    <subfield code="0">0</subfield>
    <subfield code="1">0</subfield>
    <subfield code="2">ddc</subfield>
    <subfield code="4">0</subfield>
    <subfield code="7">0</subfield>
    <subfield code="8">F</subfield>
    <subfield code="a">MBOMRL</subfield>
    <subfield code="b">MATPL</subfield>
    <subfield code="c">CHILD</subfield>
    <subfield code="d">2025-03-27</subfield>
    <subfield code="g">186.70</subfield>
    <subfield code="o">EJK PAGE</subfield>
    <subfield code="p">33228031155778</subfield>
    <subfield code="r">2025-03-27</subfield>
    <subfield code="w">2025-03-27</subfield>
    <subfield code="y">BOOK</subfield>
  </datafield>
  <datafield tag="952" ind1=" " ind2=" ">
    <subfield code="0">0</subfield>
    <subfield code="1">0</subfield>
    <subfield code="2">ddc</subfield>
    <subfield code="4">0</subfield>
    <subfield code="7">0</subfield>
    <subfield code="8">F</subfield>
    <subfield code="a">MBOMRL</subfield>
    <subfield code="b">MATPL</subfield>
    <subfield code="c">CHILD</subfield>
    <subfield code="d">2025-03-27</subfield>
    <subfield code="g">186.70</subfield>
    <subfield code="o">EJK PAGE</subfield>
    <subfield code="p">33228031155777</subfield>
    <subfield code="r">2025-03-27</subfield>
    <subfield code="w">2025-03-27</subfield>
    <subfield code="y">BOOK</subfield>
  </datafield>
  <datafield tag="952" ind1=" " ind2=" ">
    <subfield code="0">0</subfield>
    <subfield code="1">0</subfield>
    <subfield code="2">ddc</subfield>
    <subfield code="4">0</subfield>
    <subfield code="7">0</subfield>
    <subfield code="8">F</subfield>
    <subfield code="a">MBOMRL</subfield>
    <subfield code="b">MATPL</subfield>
    <subfield code="c">CHILD</subfield>
    <subfield code="d">2025-08-06</subfield>
    <subfield code="g">81.83</subfield>
    <subfield code="o">EKF PAGE</subfield>
    <subfield code="p">33228031162569</subfield>
    <subfield code="r">2025-08-06</subfield>
    <subfield code="w">2025-08-06</subfield>
    <subfield code="y">BOOK</subfield>
  </datafield>
</record>
